| 000 | 01118cam a22003014a 4500 | ||
|---|---|---|---|
| 001 | 13148280 | ||
| 003 | ARRUPE | ||
| 005 | 20130918144325.0 | ||
| 008 | 030404s2003 kyua bd 000 0 eng | ||
| 010 | _a 2003050176 | ||
| 020 | _a0664219179 (alk. paper) | ||
| 040 |
_aDLC _cDLC _dDLC |
||
| 042 | _apcc | ||
| 050 | 0 | 0 |
_aBS2312 _b.A86 2003 |
| 082 | 0 | 0 |
_a270.1/03 _221 |
| 100 | 1 |
_aAune, David Edward. _9608 |
|
| 245 | 1 | 4 |
_aThe Westminster dictionary of New Testament and early Christian literature and rhetoric / _cDavid Aune. |
| 246 | 3 | 0 | _aNew Testament and early Christian literature and rhetoric |
| 250 | _a1st ed. | ||
| 260 |
_aLouisville, Ky. : _bWestminster John Knox Press, _cc2003. |
||
| 300 |
_axii, 595 p. : _bill. ; _c24 cm. |
||
| 504 | _aIncludes bibliographical references. | ||
| 630 | 0 | 0 |
_aBible. _pNew Testament _vDictionaries. _9609 |
| 650 | 0 |
_aChristian literature, Early _vDictionaries. _9610 |
|
| 906 |
_a7 _bcbc _corignew _d1 _eocip _f20 _gy-gencatlg |
||
| 942 |
_2lcc _cMONOGRAPH |
||
| 999 |
_c117891 _d117891 |
||